|
LDR
| 01709nam a2200457 i 4500 |
|---|
| 001 | 51503 |
|---|
| 003 | CZ-PrJAB |
|---|
| 005 | 20221130062600.0 |
|---|
| 007 | ta |
|---|
| 008 | 221121t20222022xr ac e 000 0 cze d |
|---|
| 020 | | . |
‡a978-80-7345-742-6
‡q(Maxdorf s.r.o. ;
‡qvázáno) |
|---|
| 020 | | . |
‡a978-80-907321-4-8
‡q(Nadace T-SOFT ETERNITY ;
‡qvázáno) :
‡cKč 245.00 |
|---|
| 035 | | . |
‡a(CZ PrSKC)1407417 |
|---|
| 040 | | . |
‡aKLG001
‡bcze
‡erda |
|---|
| 072 | | 7. |
‡a656
‡xDoprava
‡2Konspekt
‡94 |
|---|
| 072 | | 7. |
‡a929
‡xBiografie
‡2Konspekt
‡98 |
|---|
| 080 | | . |
‡a656.1.08
‡2MRF |
|---|
| 080 | | . |
‡a656.08-058.66
‡2MRF |
|---|
| 080 | | . |
‡a629.33-051
‡2MRF |
|---|
| 080 | | . |
‡a(0:82-94)
‡2MRF |
|---|
| 080 | | . |
‡a(0:82-32)
‡2MRF |
|---|
| 110 | 2 | . |
‡aČeské sdružení obětí dopravních nehod
‡7xx0278944
‡4aut |
|---|
| 245 | 1 | 0. |
‡aDopravní nehody a jejich oběti /
‡cČeské sdružení obětí dopravních nehod ; editoři Michal Vaněček, Stanislav Hájek |
|---|
| 264 | | 1. |
‡aPraha :
‡bMaxdorf :
‡bT-Soft Eternity,
‡c[2022] |
|---|
| 264 | | 4. |
‡c©2022 |
|---|
| 300 | | . |
‡a115 stran :
‡bilustrace (převážně barevné), portréty ;
‡c21 cm |
|---|
| 336 | | . |
‡atext
‡btxt
‡2rdacontent |
|---|
| 337 | | . |
‡abez média
‡bn
‡2rdamedia |
|---|
| 338 | | . |
‡asvazek
‡bnc
‡2rdacarrier |
|---|
| 650 | 0 | 7. |
‡asilniční dopravní nehody
‡7ph125532
‡2czenas |
|---|
| 650 | 0 | 7. |
‡aoběti dopravních nehod
‡7ph314937
‡2czenas |
|---|
| 650 | 0 | 7. |
‡ařidiči
‡7ph128302
‡2czenas |
|---|
| 655 | | 7. |
‡avzpomínky
‡7fd133830
‡2czenas |
|---|
| 655 | | 7. |
‡apříběhy
‡7fd133204
‡2czenas |
|---|
| 700 | 1 | . |
‡aVaněček, Michal,
‡d1964-
‡7xx0021815
‡4edt |
|---|
| 700 | 1 | . |
‡aHájek, Stanislav,
‡d1950-
‡7xx0260704
‡4edt |
|---|
| 910 | | . |
‡aABG312 |
|---|
| 950 | | . |
‡aska |
|---|
| 901 | | . |
‡a51503
‡bCZ PrSKC
‡c51503
‡tbiblio |
|---|